| 000 | 00934nam a22002417a 4500 | ||
|---|---|---|---|
| 005 | 20240530110404.0 | ||
| 008 | 150129s2010 ua k g b 001 0 ara d | ||
| 017 |
_a2005/11909 _bمصر . دار الكتب المصرية |
||
| 020 | _a9772732882 | ||
| 040 | _aEG-CaGPL | ||
| 041 | 0 | _aara | |
| 082 | 0 | 4 |
_221 _a907.2\ _bع ج |
| 100 | 0 | _aعباس محمد حسن سليمان | |
| 245 | 1 | 0 |
_aجهود المستشرقين فى تحقيق التراث العربى الاسلامى و نشره / _cعباس محمد حسن سليمان |
| 260 |
_aالاسكندرية : _bدار المعرفة الجامعية ، _c2010 |
||
| 300 |
_a399 ص : _bايض ؛ _c24 سم |
||
| 504 | _aببليوجرافية : ص 368 - 395 | ||
| 650 | 0 | 4 | _aالتراث الاسلامى |
| 650 | 0 | 4 |
_aالتاريخ الاسلامى _xمصادر |
| 650 | 0 | 4 | _aالمستشرقين |
| 942 |
_2ddc _cBK |
||
| 999 |
_c60327 _d60327 |
||